000 00809cam a22002651a 4500
001 rc 01001695
003 DLC
005 20260227111904.0
008 830929s1894 inua 001 0ceng
010 _arc 01001695
035 _a(OCoLC)9961556
040 _aDLC
_cMnHi
_dDLC
042 _apremarc
043 _an-us-in
050 0 0 _aF534.R3
_bR8
100 1 _aRoyalty, James H.
245 1 0 _aHistory of the town of Remington and vicinity, Jasper County, Indiana.
260 _aLogansport, Ind. :
_bWilson, Humphreys,
_c1894.
300 _a270 p., [21] leaves of plates :
_bill. ;
_c24 cm.
500 _aPreface signed: James H. Royalty.
500 _aIncludes index.
651 0 _aRemington (Ind.)
_xHistory.
651 0 _aRemington (Ind.)
_vBiography.
651 0 _aJasper County (Ind.)
_xHistory.
999 _c52158
_d52158